| 000 | 00441nam a2200121Ia 4500 | ||
|---|---|---|---|
| 008 | 231129s9999||||xx |||||||||||||| ||spa|| | ||
| 020 | _a958-96734-5-7 | ||
| 040 | _bspa | ||
| 082 | _a330.9861 C718c | ||
| 245 | 0 | _aColombia economía y sociedad. Pasado presente y futuro | |
| 264 | _aBogotá Colombia : Academia Colombiana de Ciencias Económicas : Ministerio de Educación Nacional | ||
| 942 |
_2ddc _cBKS |
||
| 999 |
_c7288 _d7288 |
||